000 00373nam a2200133Ia 4500
008 240624s9999 xx 000 0 und d
041 _aeng
082 _a362.1068 BOH
100 _aBOHMER RICHARD M J
245 _aDESIGNING CARE ALIGNING THE NATURE AND M
260 _c2009
_aBoston
_bHarvard Business School Press
300 _ax, : 261 : p. : cm. ; 24
365 _cRS
_b30
999 _c14422
_d14422